| 000 | 00728nam a2200229 a 4500 | ||
|---|---|---|---|
| 005 | 20210219152921.0 | ||
| 008 | 991125n 000 0 spa u | ||
| 035 | _aUPN01000067106 | ||
| 100 | _aBAUMERT, Jurgen | ||
| 222 | _aEDUCACION (ALEMANIA) | ||
| 245 | _aCentralización y descentralización en cuanto determinantes de la política educativa en la República Federal de Alemania | ||
| 300 | _a87-125 | ||
| 362 | _a1980 Vol. 22 | ||
| 653 | 0 | _aCENTRALIZACION EDUCATIVA | |
| 653 | 0 | _aDESCENTRALIZACION EDUCATIVA | |
| 653 | 0 | _aEDUCACION SUPERIOR | |
| 653 | 0 | _aPOLITICA EDUCATIVA | |
| 653 | 0 | _aREPUBLICA FEDERAL DE ALEMANIA | |
| 700 | _aGOLDSCHMIDT, Dietrich, coaut. | ||
| 904 |
_aAC _b004917 |
||
| 905 | _aArticulo | ||
| 999 |
_c63805 _d63805 |
||